00657nam a2200205Ia 4500008004100000020001500041040001800056041000800074100002700082245005600109260005900165300001800224490002100242504003800263650002300301650002300324651003700347651003300384651003400417130821s1998 ck gr spa  a9589381286 aCo-BoUCMbspa00aspa1 aRamjas, Gabriel Arthur14aLos retos de la nueva EuropacGabriel Arthur Ramjas aBogotá (Colombia)bCancillería de San Carlosc1998 a127 páginas aSerie Análisis aIncluye bibliografía e índice04aCiencia política04aHistoria de Europa aEuropaxCondiciones económicas aEuropaxCondiciones sociales aEuropaxPolítica y gobierno